El día que enterramos las armas / (Registro nro. 11877)
[ vista simple ]
| 000 -CABECERA | |
|---|---|
| Longitud fija campo de control | 00851cam a2200241 a 4500 |
| 003 - • IDENTIFICADOR DELl NÚMERO DE CONTROL | |
| Identificador del número de control | CO-ViMGA |
| 008 - • CÓDIGOS DE INFORMACIÓN DE LONGITUD FIJA | |
| Códigos de información de longitud fija | 150604s2014 ck r 000 j spa d |
| 020 ## - • NÚMERO INTERNACIONAL NORMALIZADO PARA LIBROS | |
| Número Internacional Normalizado para Libros (ISBN) | 958424227X |
| 020 ## - • NÚMERO INTERNACIONAL NORMALIZADO PARA LIBROS | |
| Número Internacional Normalizado para Libros (ISBN) | 9789584242273 |
| 040 ## - FUENTE DE LA CATALOGACIÓN | |
| Centro catalogador de origen | CO-ViMGA |
| Lengua de catalogación | spa |
| Centro transcriptor | CO-ViMGA |
| 043 ## - CÓDIGO DE ÁREA GEOGRÁFICA | |
| Código de área geográfica | s-ck--- |
| 100 1# - • PUNTO DE ACCESO PRINCIPAL-NOMBRE DE PERSONA | |
| Nombre de persona | Mendoza García, Plinio Apuleyo |
| Fechas asociadas al nombre | 1932- |
| 245 13 - • TITULO PROPIAMENTE DICHO | |
| Título | El día que enterramos las armas / |
| Mención de responsabilidad, etc. | Plinio Apuleyo Mendoza |
| 250 ## - • MENCIÓN DE EDICIÓN | |
| Mención de edición | Primera edición. |
| 300 ## - • DESCRIPCIÓN FÍSICA | |
| Extensión | 168 páginas |
| Dimensiones | 23 cm |
| 505 ## - • NOTA DE CONTENIDO CON FORMATO | |
| Nota de contenido con formato | El desertor / El día que enterramos las armas / De nuevo los pinos / Espejismo / París la Nuit / Primer día / En esta hora de la noche |
| 650 14 - • PUNTO DE ACCESO ADICIONAL DE MATERIA - TÉRMINO DE MATERIA | |
| Término de materia o nombre geográfico como elemento inicial | Cuentos colombianos |
| 650 24 - • PUNTO DE ACCESO ADICIONAL DE MATERIA - TÉRMINO DE MATERIA | |
| Término de materia o nombre geográfico como elemento inicial | Armas |
| Subdivisión de forma | Cuentos |
| Subdivisión geográfica | Colombia |
| 650 24 - • PUNTO DE ACCESO ADICIONAL DE MATERIA - TÉRMINO DE MATERIA | |
| Término de materia o nombre geográfico como elemento inicial | Literatura colombiana |
| 942 ## - ENTRADA DE ELEMENTOS AGREGADOS (KOHA) | |
| Fuente de clasificaión o esquema | Dewey Decimal Classification |
| Koha [por defecto] tipo de item | LIbro |
| Perdido | Fuente de clasificación o esquema | Estado Físico | No para préstamo | Forma de adquisición | Localización permanente | Localización actual | Fecha adquisición | Préstamos totales | Signatura completa | Código de barras | Fecha última consulta | Fecha del precio de reemplazo | Tipo de item de Koha | Localización en estanterías | Número de copia |
|---|---|---|---|---|---|---|---|---|---|---|---|---|---|---|---|
| Dewey Decimal Classification | Sala General | Biblioteca Comunitaria - Villavicencio | Biblioteca Comunitaria - Villavicencio | 03/15/2019 | C MEN22 | 32779 | 03/15/2019 | 03/15/2019 | LIbro | ||||||
| Dewey Decimal Classification | Colección General | Biblioteca Pública Medellin del Ariari - El Castillo | Biblioteca Pública Medellin del Ariari - El Castillo | 11/10/2024 | 303.69 - A68d Ej.1 | BM0001156 | 11/10/2024 | 11/10/2024 | LIbro | General | Ej.1 |